Reglamento de personal de los servicios sanitarios locales / por Luis Marqués Carbó ; prólogo de Valentín Matilla ; nota previa de Sabino Álvarez-Gendín
Descripción Física:
365 p. ; 22 cm
MARC
| LEADER | 00000nam a2200000Ia 4500 | ||
|---|---|---|---|
| 001 | 11584 | ||
| 008 | 160829s9999 xx 000 0 cat d | ||
| 080 | |a C-2-85 | ||
| 100 | |a Marqués Carbó, Luis |9 24231 | ||
| 245 | |a Reglamento de personal de los servicios sanitarios locales / por Luis Marqués Carbó ; prólogo de Valentín Matilla ; nota previa de Sabino Álvarez-Gendín | ||
| 260 | |a Tarragona : |b Sugrañes, [1954?] | ||
| 300 | |a 365 p. ; |c 22 cm | ||
| 590 | |a Índex | ||
| 650 | |a Salut pública |x Dret i legislació |x Espanya |9 23406 | ||
| 650 | |a Tècnics sanitaris |x Dret i legislació |x Espanya |9 33326 | ||
| 700 | |a Matilla Gómez, Valentín, pr. |9 33327 | ||
| 700 | |a Álvarez-Gendín, Sabino |9 23656 | ||
| 901 | |a Arxiu | ||
| 942 | |n 1 | ||
| 952 | |0 0 |1 0 |4 0 |6 C285 |7 1 |9 46268 |a Arxiu |b Arxiu |d 2016-12-01 |l 0 |o C-2-85 |p 11584 |r 2016-12-01 00:00:00 |w 2016-12-01 |y ARXIU | ||
| 999 | |c 49770 |d 49770 | ||